[Event "Ch England (team) 2000/01 (2 div)"]
[Site "masterchessopen.com England"]
[Round "8"]
[White "Collier David (ENG)"]
[Black "Davies Nigel R (ENG)"]
[Result "0-1"]
[WhiteElo "2255"]
[BlackElo "2481"]

1.d4 e6 2.c4 Nf6 3.Nc3 Bb4 4.e3 O-O 5.Bd3 d5 6.Nf3 c5 7.O-O Nc6 8.a3 Bxc3
9.bxc3 Qc7 10.cxd5 exd5 11.h3 Re8 12.a4 c4 13.Bc2 Ne4 14.Bd2 Ne7 15.Bxe4 dxe4
16.Ng5 Nf5 17.f3 Ng3 18.Rf2 f5 19.fxe4 Qe7 20.Nf3 Nxe4 21.Re2 Be6 22.Ne5 Bd5
23.a5 b5 24.axb6 axb6 25.Be1 b5 26.Rea2 Rxa2 27.Rxa2 Rb8 28.Ra5 Qd8 29.Ra7 Qb6
30.Qa1 Qh6 31.Qc1 Qg5 32.Nf3 Nxc3 33.Kh2 Bxf3 34.gxf3 Ne2 {#R} 0-1

[Event "It \"]
[Site "masterchessopen.com Framingham (USA)"]
[Round "9"]
[White "Bengtson Matthew (USA)"]
[Black "Shahade Gregory (USA)"]
[Result "0-1"]
[WhiteElo "2264"]
[BlackElo "2459"]

1.d4 Nf6 2.c4 e6 3.Nc3 Bb4 4.e3 O-O 5.Bd3 d5 6.Nf3 c5 7.O-O Nc6 8.a3 Bxc3
9.bxc3 Qc7 10.cxd5 exd5 11.a4 Re8 12.Ba3 c4 13.Bc2 Ne4 14.Bxe4 Rxe4 15.Nd2 Re8
16.Qc2 Be6 17.Rab1 Rad8 18.f3 Qd7 19.Rb5 b6 20.Rbb1 Na5 21.Rbe1 Nb3 22.Bb2 Bf5
23.e4 Nxd2 24.Qxd2 dxe4 25.a5 bxa5 26.Qf4 exf3 27.Qxf3 Bd3 28.Rxe8+ Rxe8
29.Ra1 Qb5 30.Ba3 h6 31.Qg3 Qb3 32.Bc5 Qxc3 33.Rd1 Qb3 34.Re1 Rxe1+ 35.Qxe1 c3
36.Qc1 c2 37.Ba3 Be4 {#R} 0-1

[Event "Ch Russia (juniors) (under 20)"]
[Site "masterchessopen.com Kazan (Russia)"]
[Round "4"]
[White "Smirnov Pavel (RUS)"]
[Black "Bocharov Dmitry (RUS)"]
[Result "1-0"]
[WhiteElo "2510"]
[BlackElo "2425"]

1.d4 Nf6 2.c4 e6 3.Nc3 Bb4 4.e3 c5 5.Bd3 Nc6 6.Nf3 d5 7.O-O O-O 8.a3 Bxc3
9.bxc3 Qc7 10.cxd5 exd5 11.a4 c4 12.Bc2 Bg4 13.Qe1 Ne4 14.Nh4 Nd6 15.f3 Be6
16.e4 f6 17.Qg3 Rf7 18.Bf4 Rd8 19.Rae1 Qd7 20.exd5 Bxd5 21.Bxd6 Qxd6 22.Re8+
Rf8 23.Bxh7+ Kxh7 24.Qxd6 Rxd6 25.Rxf8 Ne7 26.Re1 Rd7 27.f4 Bc6 28.Re3 Nd5
29.Ree8 g5 30.fxg5 fxg5 31.Nf5 Nxc3 32.Re6 {#r} 1-0

[Event "It (open)"]
[Site "masterchessopen.com Sautron (France)"]
[Round "9"]
[White "Jaulin Philippe (FRA)"]
[Black "Hetey Laszlo (GER)"]
[Result "0-1"]
[WhiteElo "2087"]
[BlackElo "2341"]

1.d4 Nf6 2.c4 e6 3.Nc3 Bb4 4.e3 O-O 5.Nf3 c5 6.Bd3 d5 7.O-O Nc6 8.a3 Bxc3
9.bxc3 Qc7 10.cxd5 exd5 11.Bb2 Bg4 12.Qc2 Rfe8 13.Rae1 c4 14.Bf5 Bh5 15.Nd2
Ne7 16.f3 Nxf5 17.Qxf5 Bg6 18.Qg5 Bd3 19.Rf2 Re6 20.f4 Rae8 21.Rf3 Ne4 22.Nxe4
Bxe4 23.Rg3 Rg6 24.Qh5 Qb6 25.Rxg6 Bxg6 26.Qe2 Re6 27.Qd2 Qb3 28.Rf1 Bd3
29.Rf2 Rxe3 30.h3 Re4 31.Kh2 f5 32.Kg1 a5 33.Kh2 Re6 34.Bc1 Qb1 35.Qd1 Qb5
36.Qd2 Qb3 37.Bb2 h6 38.Bc1 Qb1 39.Qd1 Rb6 40.Qe1 Be4 41.Re2 Rb3 42.Qd2 Qd3
43.Qe1 Qxc3 {#R} 0-1

[Event "It (open)"]
[Site "masterchessopen.com Sautron (France)"]
[Round "3"]
[White "Neverov Valeriy (UKR)"]
[Black "Hetey Laszlo (GER)"]
[Result "1-0"]
[WhiteElo "2569"]
[BlackElo "2341"]

1.d4 Nf6 2.c4 e6 3.Nc3 Bb4 4.e3 O-O 5.Nf3 c5 6.Bd3 d5 7.O-O Nc6 8.a3 Bxc3
9.bxc3 Qc7 10.cxd5 exd5 11.Bb2 Bg4 12.Qe1 Bxf3 13.gxf3 Rfe8 14.Kh1 c4 15.Bc2
Qe7 16.Rg1 b5 17.Qf1 g6 18.Re1 h5 19.Bc1 {#r} 1-0

[Event "Tournament"]
[Site "masterchessopen.com Banfield (Argentina)"]
[Round "4"]
[White "Varela Daniel (ARG)"]
[Black "Lo Presti Roberto (ARG)"]
[Result "1-0"]
[WhiteElo "2164"]
[BlackElo "2033"]

1.d4 Nf6 2.c4 e6 3.Nc3 Bb4 4.e3 O-O 5.Bd3 d5 6.Nf3 c5 7.O-O Nc6 8.a3 Bxc3
9.bxc3 Qc7 10.cxd5 exd5 11.a4 c4 12.Bc2 Bg4 13.Qe1 Bxf3 14.gxf3 Qd7 15.Kh1 Qh3
16.Qe2 Rfe8 17.Bd2 Nh5 18.e4 f5 19.e5 f4 20.Rg1 Re6 21.Rg5 Rf8 22.Rag1 Rh6
23.R1g2 Ne7 24.Bc1 Nf5 25.Ba3 Nh4 26.Bxf8 Kxf8 27.Bd1 Nxg2 28.Rxg2 Rb6 29.Qc2
g6 30.Qc1 Qd7 31.Bc2 Qe7 32.Rg4 Ke8 33.Qa1 Kd8 34.Rg1 Qh4 35.Kg2 Ng7 36.Rb1
Qe7 37.Rxb6 axb6 38.a5 Kc7 39.a6 Kb8 40.axb7 Kxb7 41.Qa4 Ne6 42.Kf1 Nc7 43.Ke2
Qe6 44.Qb4 h5 45.Qf8 g5 46.Bf5 Qe8 47.Qd6 Qc6 48.Bc8+ {#r} 1-0

[Event "It (cat.8)"]
[Site "masterchessopen.com Bermuda"]
[Round "3"]
[White "Kallio Heikki (FIN)"]
[Black "Shahade Gregory (USA)"]
[Result "1-0"]
[WhiteElo "2474"]
[BlackElo "2452"]

1.d4 Nf6 2.c4 e6 3.Nc3 Bb4 4.e3 O-O 5.Bd3 d5 6.Nf3 c5 7.O-O Nc6 8.a3 Bxc3
9.bxc3 Qc7 10.cxd5 exd5 11.h3 Re8 12.a4 c4 13.Bc2 Ne4 14.Ra3 Qe7 15.a5 Bf5
16.Nd2 a6 17.Re1 Na7 18.Bxe4 Bxe4 19.Ra1 Nb5 20.Bb2 Qd7 21.Nf1 Bd3 22.Ng3 g6
23.f3 Qd6 24.Nh1 Bf5 25.Nf2 Be6 26.e4 f5 27.Qd2 fxe4 28.fxe4 Rf8 29.exd5 Bxd5
30.Re5 Rad8 31.Rae1 Qf6 32.Qe2 Kh8 33.Ng4 Qc6 34.Re7 Qd6 35.Qe3 Qf4 36.Qxf4
Rxf4 37.Bc1 Rf7 38.Bg5 {#r} 1-0

[Event "Memorial M.Najdorf (open)"]
[Site "masterchessopen.com Buenos Aires (Argentina)"]
[Round "1"]
[White "Garcia Raimundo (ARG)"]
[Black "Lo Presti Roberto (ARG)"]
[Result "1-0"]
[WhiteElo "2351"]
[BlackElo "2033"]

1.d4 Nf6 2.c4 e6 3.Nc3 Bb4 4.e3 O-O 5.Nf3 d5 6.Bd3 c5 7.O-O Nc6 8.a3 Bxc3
9.bxc3 Qc7 10.cxd5 exd5 11.Nh4 c4 12.Bc2 Ng4 13.g3 Qa5 14.f3 Nf6 15.Bd2 Re8
16.a4 a6 17.g4 Qd8 18.Qe1 Be6 19.Ng2 Nd7 20.Qg3 b5 21.e4 b4 22.Rae1 Qb6 23.Qf2
b3 24.Bb1 Qa5 25.e5 Nf8 26.f4 Bxg4 27.f5 Ra7 28.Re3 Ne7 29.Rg3 Bxf5 30.Bxf5
Nxf5 31.Qxf5 g6 32.Qh3 Qxa4 33.Ne3 Qd7 34.Ng4 Kh8 35.Qh6 f5 36.Nf6 Qf7 37.Nxe8
Qxe8 38.Bc1 a5 39.Rxf5 gxf5 40.Qf6+ {#r} 1-0

[Event "It (open)"]
[Site "masterchessopen.com Calcutta (India)"]
[Round "3"]
[White "Ravi Lanka (IND)"]
[Black "Sandipan Chanda (IND)"]
[Result "0-1"]
[WhiteElo "2419"]
[BlackElo "2464"]

1.d4 d5 2.Nf3 e6 3.c4 Nf6 4.Nc3 Bb4 5.e3 O-O 6.Bd3 c5 7.O-O Nc6 8.a3 Bxc3
9.bxc3 Qc7 10.cxd5 exd5 11.Nh4 c4 12.Bc2 Ne4 13.Qe1 Qe7 14.g3 Bh3 15.Ng2 f5
16.a4 Qd7 17.f3 Bxg2 18.Kxg2 Nf6 19.a5 Rfe8 20.Bd2 g6 21.Qb1 Re7 22.a6 b6
23.Ba4 Qe6 24.Ra2 Nd8 25.Bc1 Nf7 26.Ba3 Rc7 27.Re2 Rb8 28.Qb4 b5 29.Bxb5 Rc6
30.Qa4 Rcb6 31.Rb1 Ng5 32.Bc5 f4 33.Bxb6 Rxb6 34.Qc2 fxg3 35.Kh1 Nxf3 36.e4
Nxe4 37.Bxc4 Nf2+ 38.Rxf2 gxf2 39.Rxb6 Qe1+ 40.Kg2 Nh4+ 41.Kh3 dxc4 42.Rf6 Nf5
43.Rxf5 gxf5 {#R} 0-1

[Event "It (open)"]
[Site "masterchessopen.com Calcutta (India)"]
[Round "1"]
[White "Sherbakov Ruslan (RUS)"]
[Black "Shetty Rahul (IND)"]
[Result "0-1"]
[WhiteElo "2557"]
[BlackElo "2372"]

1.d4 Nf6 2.c4 e6 3.Nc3 Bb4 4.e3 O-O 5.Bd3 d5 6.Nf3 c5 7.O-O Nc6 8.a3 Bxc3
9.bxc3 Qc7 10.h3 dxc4 11.Bxc4 b6 12.Bb2 Bb7 13.Rc1 Rad8 14.Bd3 Ne7 15.Re1 Ng6
16.a4 Rfe8 17.e4 e5 18.d5 Bc8 19.c4 Re7 20.Rc2 Ne8 21.Qa1 f6 22.Bc1 Nd6 23.a5
Qb8 24.Ra2 Rb7 25.Bd2 Bd7 26.Bf1 Rc8 27.axb6 axb6 28.Ra6 h6 29.g3 Kh7 30.h4
Nh8 31.Nxe5 fxe5 32.Qxe5 Re8 33.Qb2 Nxe4 34.Bd3 Bf5 35.Bf4 Qc8 36.Qc2 Ng6
37.f3 Rbe7 38.Rxb6 Nxf4 39.gxf4 Ng3 40.Rbe6 Rxe6 41.dxe6 Rxe6 42.Re5 Rxe5
43.fxe5 Qe6 44.Bxf5+ Nxf5 45.Qe4 Qg6+ 46.Kf2 Nd4 47.Qd5 Qc2+ {#R} 0-1

[Event "It (open)"]
[Site "masterchessopen.com Connecticut (USA)"]
[Round "1"]
[White "Potter John Russell (USA)"]
[Black "Kacheishvili Giorgi (GEO)"]
[Result "0-1"]
[WhiteElo "2295"]
[BlackElo "2597"]

1.d4 Nf6 2.c4 e6 3.Nc3 Bb4 4.e3 O-O 5.Bd3 d5 6.Nf3 c5 7.O-O Nc6 8.a3 Bxc3
9.bxc3 Qc7 10.cxd5 exd5 11.h3 Re8 12.a4 c4 13.Bb1 Ne4 14.Qc2 h6 15.Nd2 Bf5
16.f3 Ng3 17.e4 Nxf1 18.Nxf1 dxe4 19.Ne3 Bg6 20.f4 Qxf4 21.Ba2 Kh7 22.Bd2 f5
23.Rb1 Qh4 24.Nd5 e3 25.Be1 Qg5 26.Bxc4 f4 27.Bd3 Bxd3 28.Qxd3+ Kh8 29.Nc7 f3
30.g3 f2+ 31.Kg2 Rac8 32.Nxe8 Qd5+ 33.Kh2 Ne5 34.Qf1 Nf3+ 35.Kh1 Nd2+ 36.Qg2
Qxg2+ 37.Kxg2 f1=Q+ 38.Kh2 Nf3# 0-1

[Event "Ch France (team) (2) 2002/03"]
[Site "masterchessopen.com France"]
[Round "1"]
[White "Simonet Marc (AND)"]
[Black "Leignel Nicolas (FRA)"]
[Result "1-0"]
[WhiteElo "2295"]
[BlackElo "2152"]

1.d4 Nf6 2.c4 e6 3.Nc3 Bb4 4.e3 O-O 5.Bd3 c5 6.Nf3 d5 7.O-O Nc6 8.a3 Bxc3
9.bxc3 Qc7 10.cxd5 exd5 11.a4 Re8 12.Ba3 c4 13.Bc2 Ne4 14.Bxe4 Rxe4 15.Nd2 Rh4
16.g3 Rg4 17.e4 dxe4 18.Nxc4 Rg6 19.Ne3 Bh3 20.Re1 Rd8 21.Qh5 Qc8 22.Rab1 Rh6
23.Qg5 f5 24.Rb5 Rxd4 25.Nxf5 Rg6 26.Ne7+ Nxe7 27.Qxe7 Rxa4 28.Rd1 Rxa3
29.Rd8+ Qxd8 30.Qxd8+ Kf7 31.Rxb7+ Ke6 32.Qe7+ {#r} 1-0

[Event "Ch Argentina (juniors) (under 20) (1/2 final)"]
[Site "masterchessopen.com Mendoza (Argentina)"]
[Round "5"]
[White "Tournier Matias (ARG)"]
[Black "Fiori Alberto Nicolas (ARG)"]
[Result "1-0"]
[WhiteElo "2179"]
[BlackElo "2101"]

1.d4 Nf6 2.c4 e6 3.Nf3 d5 4.Nc3 Bb4 5.a3 Bxc3+ 6.bxc3 c5 7.e3 O-O 8.Bd3 Nc6
9.O-O Qc7 10.cxd5 exd5 11.a4 b6 12.Ba3 Re8 13.dxc5 Bg4 14.cxb6 axb6 15.Bb4 Re4
16.Bxe4 dxe4 17.h3 Rd8 18.Qe2 exf3 19.gxf3 Bxh3 20.Rfd1 Rd5 21.Rxd5 Nxd5
22.Rd1 Ncxb4 23.cxb4 Nc3 24.Qc2 Qe7 25.Kh2 Nxd1 26.Kxh3 Qe6+ 27.Kg2 Qg6+
28.Qxg6 fxg6 29.a5 bxa5 30.b5 Nc3 31.b6 {#r} 1-0

[Event "It (open)"]
[Site "masterchessopen.com Nikea (Greece)"]
[Round "8"]
[White "Fournarakos Gerasimos (GRE)"]
[Black "Sigalas Frangiskos (GRE)"]
[Result "0-1"]
[WhiteElo "2040"]
[BlackElo "2157"]

1.d4 Nf6 2.c4 e6 3.Nc3 Bb4 4.e3 c5 5.Bd3 O-O 6.a3 Bxc3+ 7.bxc3 Nc6 8.Nf3 d5
9.O-O Qc7 10.Qe2 dxc4 11.Bxc4 e5 12.d5 e4 13.Nd2 Ne5 14.f4 Bg4 15.Qf2 Nxc4
16.Nxc4 Nxd5 17.Nd2 Rfe8 18.h3 Bd7 19.c4 Nb6 20.Bb2 f6 21.Qg3 Kh8 22.Rac1 Rad8
23.Rf2 Bc6 24.Nf1 Qf7 25.Nd2 Rd3 26.Re2 Red8 27.Qf2 Na4 28.Nb1 Rd1+ 29.Kh2
Nxb2 30.Rxd1 Nxd1 31.Qe1 Qxc4 32.Nd2 Qc2 33.Nf1 Qc3 34.Nd2 Nxe3 35.Qg3 Rxd2
36.Rxe3 Qd4 37.f5 Qd6 {#R} 0-1

[Event "Ch St. Petersburg"]
[Site "masterchessopen.com St. Petersburg (Russia)"]
[Round "8"]
[White "Klimov Sergey (RUS)"]
[Black "Lugovoi Aleksei (RUS)"]
[Result "1-0"]
[WhiteElo "2466"]
[BlackElo "2540"]

1.d4 Nf6 2.c4 e6 3.Nc3 Bb4 4.e3 O-O 5.Bd3 d5 6.Nf3 c5 7.O-O Nc6 8.a3 Bxc3
9.bxc3 Qc7 10.cxd5 exd5 11.a4 Re8 12.Ba3 c4 13.Bc2 Bg4 14.Qe1 Bxf3 15.gxf3 Qd7
16.Kg2 Ne4 17.Rh1 Ng5 18.h4 Ne6 19.Qb1 h6 20.Qg1 Na5 21.Kh2 Nb3 22.Ra2 Qxa4
23.Qg4 Qa5 24.Rg1 Qd8 25.f4 Qc7 26.Kh1 g6 27.f5 Ng7 28.f6 Nd2 29.Bxg6 fxg6
30.Rxd2 g5 31.hxg5 Re4 32.f4 Rxe3 33.gxh6 {#r} 1-0

[Event "It (open)"]
[Site "masterchessopen.com Zurich (Switzerland)"]
[Round "1"]
[White "Stankovic Zelijko (SUI)"]
[Black "Pelletier Yannick (SUI)"]
[Result "0-1"]
[WhiteElo "2168"]
[BlackElo "2624"]

{ Pelletier Yannick (SUI) +0 =1 -0 } 1.d4 Nf6 2.c4 e6 3.Nc3 Bb4 4.e3 c5 5.Bd3
O-O 6.Nf3 d5 7.O-O Nc6 8.a3 Bxc3 9.bxc3 Qc7 10.cxd5 exd5 11.Bb2 { = } 11...c4
12.Bc2 Re8 ( 12...Bg4 13.Qe1 Bh5 14.Nh4 Ng4 15.g3 Bg6 16.Nxg6 hxg6 17.f3 Nf6
18.Qf2 Rfe8 19.Rae1 Re7 20.g4 Rae8 21.Bc1 b5 22.Bd2 { ...0-1, Jussupow
Artur(2630) - Almasi Zoltan(2580), Altensteig 1993 It } ) 13.Nd2 { +0,21 CAP N
} ( 13.Nh4 Ng4 14.g3 Ne7 15.Bc1 Ng6 16.Ng2 f5 17.a4 Nf6 18.f3 Bd7 19.Ba3 Nh8 (
19...a5 20.Rb1 Ne7 21.Qd2 g6 22.Bc5 Ra6 { ...1/2-1/2, Bennborn Jan - Bergmark
Lars-Olof, Sweden 1991 Ch Sweden (corr.) } ) 20.Qb1 g6 21.a5 Nf7 22.Qb4 b5 {
...1/2-1/2, Bronstein David I(2590) - Szabo Laszlo(2300), Amsterdam 1956
Tournament (candidates) } ) 13...b5 14.Qe2 { +0,25 } ( 14.h3 { !? } 14...Be6
15.Qf3 Kf8 16.Rfb1 { +0,40 } ) 14...Ng4 15.g3 f5 { +0,40 } ( 15...a6 { !? }
16.Rfe1 Rb8 17.h3 Nf6 { +0,22 } ) 16.Qf3 Qd7 17.Qf4 { +0,22 } ( 17.Rfe1 { !? }
17...g6 18.Qf4 Qe7 19.Nf3 { +0,34 } ) 17...h6 18.h4 { +0,10 } ( 18.Rab1 { !? }
18...Nf6 19.Qf3 a5 20.Ra1 { +0,22 } ) 18...Nf6 19.Qf3 { -0,05 } ( 19.Rfc1 { !?
} 19...Ne4 20.Nf3 Qe7 21.h5 { +0,10 } ) 19...a5 20.Rfe1 { -0,14 } ( 20.Qg2 {
!? } 20...Qd6 21.Rfb1 Bd7 22.Bd1 { +0,04 } ) 20...Ne4 21.Bxe4 { ? -1,26 } (
21.Qe2 { ! } 21...Qd6 22.Reb1 Be6 23.Qe1 { -0,14 } ) 21...fxe4 22.Qg2 Qd6
23.f3 Bf5 24.Re2 { -1,51 } ( 24.g4 { !? } 24...exf3 25.Qxf3 Be4 26.Qf4 { -1,26
} ) 24...exf3 25.Qxf3 Qe6 { -1,41 } ( 25...Bd3 { !? } 26.Rf2 Rf8 27.Qg2 Rxf2 {
-1,51 } ) 26.Ree1 { -1,61 } ( 26.Qg2 { !? } 26...Bd3 27.Rf2 Kh7 28.Rf3 { -1,41
} ) 26...Ra7 { -1,41 } ( 26...Bd3 { !? } 27.Qg2 Kh8 28.Kh2 Ra7 { -1,61 } )
27.Qg2 { ?! -1,86 } ( 27.e4 { !? } 27...dxe4 28.Qg2 e3 29.d5 { -1,41 } )
27...Rf7 { ? -1,26 } ( 27...Bd3 { ! !? } 28.Kh1 Rf7 29.e4 dxe4 { -1,86 } )
28.e4 Bxe4 29.Nxe4 dxe4 30.Re3 Qd5 31.Rae1 Rfe7 32.Qf1 { ?! -1,71 } ( 32.g4 {
!? } 32...b4 33.axb4 axb4 34.g5 { -1,26 } ) 32...Nb8 { ?! -1,26 } ( 32...b4 {
!? } 33.axb4 axb4 34.R1e2 b3 { -1,71 } ) 33.Qf4 { -1,51 } ( 33.g4 { !? }
33...Rf8 34.Qg2 Rf4 35.g5 { -1,26 } ) 33...Rf8 34.Qg4 Nd7 35.Qe2 { ?! -1,86 }
( 35.Qg6 { !? } 35...Re6 36.Qg4 Nf6 37.Qe2 { -1,51 } ) 35...Nf6 { -1,61 } (
35...Qd6 { !? } 36.Qg2 Rf3 37.R1e2 Rxe3 { -1,86 } ) 36.Kg2 { ?? -3,51 } (
36.Qg2 { !? } 36...Qd6 37.Rf1 Re6 38.Rfe1 { -1,61 } ) 36...h5 { -3,51 } {#R}
0-1

[Event "Ukrainian Games"]
[Site "masterchessopen.com Alushta (Ukraine)"]
[Round "5"]
[White "Kirichenko Vitaly IV (UKR)"]
[Black "Ovsejevitsch Sergei (UKR)"]
[Result "0-1"]
[WhiteElo "2425"]
[BlackElo "2521"]

1.d4 Nf6 2.c4 e6 3.Nc3 Bb4 4.e3 O-O 5.Bd3 d5 6.Nf3 c5 7.O-O Nc6 8.a3 Bxc3
9.bxc3 Qc7 10.cxd5 exd5 11.Nd2 Re8 12.Bb1 Bg4 13.f3 Bh5 14.Re1 Bg6 15.Bxg6
hxg6 16.Nf1 Re7 17.Ra2 Rae8 18.Rae2 b5 19.Ng3 Qb6 20.Bb2 Rd8 21.Kh1 a5 22.a4
Rb7 23.axb5 Qxb5 24.Ba3 cxd4 25.cxd4 Nb4 26.Rd2 Ne8 27.Qb3 Nd6 28.Rb1 Ne4
29.Rdd1 Qd7 30.Ra1 Rc8 31.Bc1 Nd6 32.Qa4 Qxa4 33.Rxa4 Nd3 {#R} 0-1

[Event "It (open)"]
[Site "masterchessopen.com Bad Wiessee (Germany)"]
[Round "3"]
[White "Tauber Manfred (GER)"]
[Black "Landa Konstantin (RUS)"]
[Result "0-1"]
[WhiteElo "2268"]
[BlackElo "2571"]

{ Landa Konstantin (RUS) +1 =0 -0 } 1.d4 { 1 } 1...Nf6 2.c4 e6 3.Nc3 Bb4 4.Nf3
c5 5.e3 O-O 6.Bd3 d5 7.O-O Nc6 8.a3 Bxc3 9.bxc3 Qc7 10.cxd5 exd5 11.a4 Re8 {
?/= } 12.h3 ( 12.Ba3 c4 13.Bc2 Ne4 14.Bxe4 Rxe4 15.Nd2 Re8 16.e4 dxe4 17.Re1
Bf5 18.Nxc4 Rad8 19.Ne3 Bc8 20.Qh5 Qa5 21.Qxa5 Nxa5 22.d5 b6 23.Bb4 Nb7 24.a5
f5 25.axb6 axb6 26.Ra7 b5 27.g3 Nd6 28.Bxd6 Rxd6 29.Rb1 Bd7 30.Rba1 Rc8 31.Rb7
g5 { ...1/2-1/2, Lautier Joel 2630 - Kramnik Vladimir 2780 , Monaco 1998 It
"Melody Amber" (active) } ) 12...c4 13.Bc2 ( 13.Bb1 Ne4 14.Qc2 h6 15.Nd2 Bf5
16.f3 Ng3 17.e4 Nxf1 18.Nxf1 dxe4 19.Ne3 Bg6 20.f4 Qxf4 21.Ba2 Kh7 22.Bd2 f5
23.Rb1 Qh4 24.Nd5 e3 25.Be1 Qg5 26.Bxc4 f4 27.Bd3 Bxd3 28.Qxd3+ Kh8 29.Nc7 f3
30.g3 f2+ 31.Kg2 Rac8 32.Nxe8 Qd5+ { ...0-1, Potter John Russell 2296 -
Kacheishvili Giorgi 2588 , Connecticut 2002 It (open) } ) 13...Ne4 14.Bxe4 (
14.Ra3 Qe7 15.a5 Bf5 16.Nd2 a6 17.Re1 Na7 18.Bxe4 Bxe4 19.Ra1 Nb5 20.Bb2 Qd7
21.Nf1 Bd3 22.Ng3 g6 23.f3 Qd6 24.Nh1 Bf5 25.Nf2 Be6 26.e4 f5 27.Qd2 fxe4
28.fxe4 Rf8 29.exd5 Bxd5 30.Re5 Rad8 31.Rae1 Qf6 32.Qe2 Kh8 33.Ng4 Qc6 {
...1-0, Kallio Heikki 2501 - Shahade Gregory 2454 , Bermuda 2002 It (cat.8) }
) ( 14.Bd2 Ne7 15.Bxe4 dxe4 16.Ng5 Nf5 17.f3 Ng3 18.Rf2 f5 19.fxe4 Qe7 20.Nf3
Nxe4 21.Re2 Be6 22.Ne5 Bd5 23.a5 b5 24.axb6 axb6 25.Be1 b5 26.Rea2 Rxa2
27.Rxa2 Rb8 28.Ra5 Qd8 29.Ra7 Qb6 30.Qa1 Qh6 31.Qc1 Qg5 32.Nf3 Nxc3 33.Kh2
Bxf3 { ...0-1, Collier David 2255 - Davies Nigel R 2481 , England 2001 Ch
England (team) 2000/01 (2 div) } ) ( 14.Qe1 h6 15.Ba3 Bf5 16.Nh4 Bh7 17.f4 Qd7
18.g4 f5 19.gxf5 Bxf5 20.Kh2 Bxh3 21.Rg1 Bg4 22.Ng6 Bf5 23.Qh4 Kh7 24.Ne5 Nxe5
25.dxe5 Re6 26.Bc5 Rg8 27.Bd4 b6 28.a5 b5 29.a6 Rg6 30.Qh5 Rg4 31.Rxg4 Bxg4
32.e6 Bxe6 33.Rg1 Bf5 { ...0-1, Stojanovic Mihajlo 2390 - Abramovic Bosko 2480
, Nis 1995 Ch Yugoslavia (open) } ) 14...Rxe4 ( 14...dxe4 15.Nd2 Bf5 16.Nxc4
Nxd4 17.Qxd4 Rad8 18.Qxa7 Qxc4 19.Qxb7 Rd6 20.Qb5 Qc8 21.f4 exf3 22.Rxf3 Be4
23.Rg3 h5 24.c4 h4 25.Ba3 Rd2 26.Rg4 f5 27.Rg6 f4 28.Rg4 f3 29.gxf3 Bxf3
30.Rf4 Bc6 31.Qh5 Qe6 32.e4 Bxe4 33.Rg4 Bf5 34.Rg2 { ...0-1, Stojanovic
Mihajlo 2465 - Abramovic Bosko 2490 , Nis 1996 Ch Yugoslavia (open) } ) 15.Nd2
{ N } ( 15.Ng5 Re8 16.Qe2 g6 17.e4 h6 18.exd5 Bf5 19.Qd2 Na5 20.Nf3 Nb3
21.Qxh6 Nxa1 22.Bf4 Qe7 23.Rxa1 f6 24.Nh4 Be4 25.f3 Bxd5 26.Qxg6+ Qg7 27.Qc2
Qh7 28.Qf2 Kf7 29.Rd1 Re6 30.Bg3 Rae8 31.Qb2 a6 32.Kh1 Re2 33.Qb6 Qh5 34.Rf1
Qg5 { ...0-1, Emodi Barnabas 2315 - Anka Emil 2400 , Gyula 1996 It (open) } )
15...Re8 16.Qf3 Be6 17.e4 Qd7 { } ( 17...Qa5 { !? } 18.Qg3 b5 19.Rd1 f6 { } )
18.Qg3 { } ( 18.Ba3 { !? } 18...Na5 19.e5 b6 20.Bb4 { } ) 18...f6 19.Ba3 Na5
20.Rfe1 Nb3 21.Nxb3 cxb3 22.c4 { ? } ( 22.e5 { !? } 22...fxe5 23.a5 b6 24.axb6
{ } ) 22...dxc4 23.Bb2 Bf7 24.d5 Bg6 25.f3 Rac8 26.Bc3 b6 { } ( 26...f5 { !? }
27.exf5 Bxf5 28.a5 Bd3 { } ) 27.h4 { } ( 27.Red1 { !? } 27...Rc5 28.Rd4 Rd8
29.Qf2 { } ) 27...a6 { } ( 27...Qf7 { !? } 28.Red1 Red8 29.Rd4 Rc5 { } )
28.Rad1 { ? } ( 28.h5 { !? } 28...Bxh5 29.Bxf6 b5 30.axb5 { } ) 28...b5
29.axb5 axb5 30.d6 b4 31.Bxf6 gxf6 32.h5 c3 33.hxg6 c2 34.gxh7+ Kh8 35.Qf4 Re6
36.e5 { } {#R} 0-1

[Event "It (cat.7)"]
[Site "masterchessopen.com Budapest (Hungary)"]
[Round "1"]
[White "Jakab Attila (HUN)"]
[Black "Gerzhoy Leonid (CAN)"]
[Result "0-1"]
[WhiteElo "2402"]
[BlackElo "2372"]

1.d4 Nf6 2.c4 e6 3.Nc3 Bb4 4.e3 c5 5.Nf3 O-O 6.Bd3 d5 7.O-O Nc6 8.a3 Bxc3
9.bxc3 Qc7 10.cxd5 exd5 11.a4 c4 12.Bc2 Re8 13.Nh4 Ne7 14.g3 Ng6 15.Ng2 Bh3
16.f3 Re7 17.Qd2 Rae8 18.Re1 b6 19.Ba3 Re6 20.Re2 Nh5 21.e4 Nxg3 22.hxg3 Qxg3
23.Qe1 Qxf3 24.Rf2 Qg4 25.Bd1 Qxe4 26.Qxe4 Rxe4 27.Bf3 Bxg2 28.Bxg2 Rg4 29.Kf1
Nf4 30.Bf3 Rg6 31.Raa2 Rge6 32.Rh2 Re3 33.Bh1 Rxc3 34.Bd6 Rc1+ 35.Kf2 Nd3+
36.Kg3 Re3+ 37.Kg4 Rg1+ 38.Rag2 Nf2+ 39.Kf4 Re4+ 40.Kf3 Rxh1 41.Rxf2 Rxh2
42.Rxh2 f6 43.Rd2 Kf7 44.Bf4 g5 45.Be3 Kg6 46.a5 b5 {#R} 0-1

[Event "Ch India"]
[Site "masterchessopen.com Calicut (India)"]
[Round "18"]
[White "Singh S Vikramjit (IND)"]
[Black "Bakre Tejas (IND)"]
[Result "0-1"]
[WhiteElo "2346"]
[BlackElo "2491"]

1.d4 Nf6 2.c4 e6 3.Nc3 Bb4 4.e3 c5 5.Nf3 Nc6 6.Bd3 d5 7.O-O O-O 8.a3 Bxc3
9.bxc3 Qc7 10.Bb2 Re8 11.cxd5 exd5 12.c4 dxc4 13.Bxc4 cxd4 14.Nxd4 Nxd4 15.Rc1
Nc6 16.Bxf6 gxf6 17.f4 Kh8 18.Qh5 Rg8 19.Bd3 Rg7 20.Qh6 Qe7 21.f5 Bd7 22.Be2
Ne5 {#R} 0-1

[Event "Ch France (team) (2) 2002/03"]
[Site "masterchessopen.com France"]
[Round "7"]
[White "Mancini Mario (FRA)"]
[Black "Bogdanov Emil (FRA)"]
[Result "1-0"]
[WhiteElo "2260"]
[BlackElo "2234"]

1.d4 Nf6 2.c4 e6 3.Nc3 Bb4 4.e3 O-O 5.Bd3 c5 6.Nf3 Nc6 7.O-O d5 8.a3 Bxc3
9.bxc3 Qc7 10.cxd5 exd5 11.Nh4 Re8 12.f3 Bd7 13.Kh1 Rac8 14.Nf5 Ne7 15.Ng3 Qa5
16.Bd2 Ba4 17.Qe1 Qd8 18.Qb1 b6 19.Qb2 Nc6 20.Rae1 Na5 21.e4 cxd4 22.cxd4 Nc4
23.Qb4 Nxd2 24.Qxd2 dxe4 25.fxe4 Ng4 26.Qf4 Qxd4 27.Ba6 Qd7 28.Bxc8 Qxc8
29.Qxf7+ Kh8 30.Rc1 Qd8 31.Rc7 Rg8 32.h3 Ne5 33.Qe7 {#r} 1-0

[Event "Ch India (w)"]
[Site "masterchessopen.com India"]
[Round "7"]
[White "Swati Mohota (IND)"]
[Black "Tania Sachdev (IND)"]
[Result "0-1"]
[WhiteElo "2151"]
[BlackElo "2256"]

1.d4 Nf6 2.c4 e6 3.Nc3 Bb4 4.e3 O-O 5.Bd3 c5 6.Nf3 d5 7.O-O Nc6 8.a3 Bxc3
9.bxc3 Qc7 10.cxd5 exd5 11.a4 c4 12.Bb1 Bg4 13.Qe1 Bh5 14.Kh1 Rfe8 15.Rg1 Rad8
16.Nd2 Ng4 17.Nf1 Na5 18.f3 Nf6 19.g4 Bg6 20.Bxg6 hxg6 21.Ba3 g5 22.h4 Nh7
23.Rg2 Re6 24.Rh2 Rh6 25.h5 Rf6 26.Kg2 Rb6 27.Bb4 Nc6 28.Rb1 Nxb4 29.Rxb4 Rxb4
30.cxb4 c3 31.Kg1 c2 32.Qc1 Rc8 33.Rd2 Qc3 34.Kf2 Qb3 35.Ng3 Qxa4 36.Ne2 Qb3
37.b5 a5 38.bxa6 bxa6 39.Qa1 Qb1 40.Qxa6 c1=Q 41.Nxc1 Rxc1 42.Qd3 Qa1 43.Qe2
Rh1 44.Kg3 Qg1+ 45.Qg2 Qe1+ 46.Qf2 Qxf2+ 47.Kxf2 Rh2+ 48.Ke1 Rf2 49.e4 {#R}
0-1

[Event "Ch Asia (team) (w)"]
[Site "masterchessopen.com Jodhpur (India)"]
[Round "1"]
[White "Mohota Nisha (IND)"]
[Black "Hallaeva Bahar (TKM)"]
[Result "1-0"]
[WhiteElo "2286"]
[BlackElo "2153"]

1.d4 Nf6 2.c4 e6 3.Nc3 Bb4 4.e3 O-O 5.Bd3 c5 6.Nf3 d5 7.O-O Nc6 8.a3 Bxc3
9.bxc3 Qc7 10.cxd5 exd5 11.a4 c4 12.Bc2 Bg4 13.Qe1 Bxf3 14.gxf3 Qd7 15.Kg2 Ne4
16.Bxe4 dxe4 17.Qe2 exf3+ 18.Qxf3 f5 19.Rb1 a6 20.Kh1 Na5 21.Ba3 Rf6 22.Rb4
Rh6 23.Rg1 Re8 24.Rg5 Rf6 25.Qg2 Re4 26.Rb1 Nb3 27.Rg1 Rf7 28.Qg3 Re8 29.Bd6
Re6 {#r} 1-0